Musical Acts by State - Oklahoma - Statistics

General Stats
  • This quiz has been taken 87 times
  • The average score is 8 of 30
Answer Stats
City/Town Songs Answer % Correct
Muskogee Before He Cheats | Inside Your Heaven Carrie Underwood
81%
Tulsa Friends In Low Places | The Dance Garth Brooks
81%
Tulsa MMMBop | Save Me Hanson
78%
Okemah This Land Is Your Land | City Of New Orleans Woody Guthrie
58%
Clinton Red Solo Cup | As Good As I Once Was Toby Keith
56%
Stillwater Gives You Hell | Dirty Little Secret The All-American Rejects
53%
Ada God's Country | Boys 'Round Here Blake Shelton
42%
Oklahoma City Lips Of An Angel | Get Stoned Hinder
39%
Oklahoma City I Wanna Sex You Up | All 4 Love Color Me Badd
36%
McAlester Fancy | Consider Me Gone Reba McEntire
36%
Oklahoma City Do You Realize?? | She Don't Use Jelly The Flaming Lips
31%
Tulsa Outstanding | You Dropped A Bomb On Me The Gap Band
31%
Tulsa Pickup Man | John Deere Green Joe Diffie
17%
Norman Don't Let Our Love Start Slippin' Away | Go Rest High On That Mountain Vince Gill
17%
Claremore Tennessee Waltz | (How Much Is) That Doggie In The Window? Patti Page
14%
Oklahoma City Cocaine | After Midnight J. J. Cale
13%
Erick The Purple People Eater | That's My Pa Sheb Wooley
13%
Checotah Baby's Got Her Blue Jeans On | Louisiana Saturday Night Mel McDaniel
11%
Tahlequah Long Hot Summer Day | Good Lord Lorrie Turnpike Troubadours
9%
Tulsa Bomb | Do Or Die AleXa
6%
Tulsa Brand New | Love Like This Ben Rector
6%
Tulsa Goodbye Girl | Never Let Her Go David Gates
6%
Muskogee Drop It Low | Crazy Youngsters Ester Dean
6%
Lawton A Song For You | Tight Rope Leon Russell
6%
Yale I Fall In Love Too Easily | Autumn Leaves Chet Baker
5%
Norman Class Historian | Get In My Car Broncho
3%
Yukon Alabama | Sick And Tired Cross Canadian Ragweed
3%
Tulsa North Side Gal | Lucky Penny JD McPherson
3%
Miami Pickin' Wildflowers | Every Time I Hear Your Name Keith Anderson
3%
Tulsa Surefire | Morning Light Wilderado
2%
No matching quizzes found
Score Distribution
Percent of People with Each Score
Percentile by Number Answered
Your Score History
You have not taken this quiz